Football par lettre - U - Statistiques

Statistiques générales
  • Ce quiz a été pris 151 fois
  • Le résultat moyen est 9 sur 10
Statistiques - réponses
Hint Réponse % Correct
Il casse la démarche Samuel Umtiti
98%
Autre club de la ville de Berlin Union
94%
Premier organisateur de la CDM, en 1930 Uruguay
94%
Confédération européenne UEFA
93%
Pays qui a organisé l'Euro 2012 avec la Pologne Ukraine
93%
Formé à Salzbourg, ce défenseur français joue maintenant au Bayern (et en Bundesliga !) Dayot Upamecano
92%
Milieu uruguayen passé par le PSG et Manchester United Manuel Ugarte
83%
Antonio Di Natale a passé la plus grande partie de sa carrière dans ce club Udinese
80%
Ailier turc passé par l'OM et la Roma Cengiz Under
74%
Eternel remplaçant de Neuer au Bayern Sven Ulreich
57%
Aucun quiz correspondant
Distribution des résultats
% des personnes avec chaque résultat
Percentile par nombre de réponses
Votre historique - résultats
Vous n’avez pas pris ce quiz